First Lines of Billie Eilish Songs #2 - Statistics

General Stats
  • This quiz has been taken 176 times
  • The average score is 12 of 15
Answer Stats
First Line Song % Correct
I could eat that girl for ____ / Yeah, she dances on my tongue LUNCH
94%
Things fall apart / And time breaks your heart WILDFLOWER
94%
I had a dream / I got ________ _ ______ everything i wanted
92%
I used to float / Now I just fall down What Was I Made For?
91%
Take me to the rooftop / I wanna see the world when I stop breathing listen before i go
86%
Try not to abuse ___ _____ / I know we didn't choose to change Your Power
86%
"Baby, I don't feel so good" / Six words you never understood wish you were gay
83%
__ ___'s bein' sus / He was shady enough my boy
80%
Sometimes, you look the same / Just like you did before the accident The 30th
80%
What is it about them? / I must be missing something xanny
80%
Love when it comes without a warning / 'Cause waiting for it gets so boring Billie Bossa Nova
74%
I can't fall in love with you / I've been overseas / I've been havin' dreams BITTERSUITE
74%
Help, I lost myself again / But I remember you Six Feet Under
73%
You can pretend you don't miss me / You can pretend you don't care bitches broken hearts
67%
I don't really even know how it happened / I started talking, they started laughing OverHeated
61%
No matching quizzes found
Score Distribution
Percent of People with Each Score
Percentile by Number Answered
Your Score History
You have not taken this quiz